LEADER 01838nam 2200409Ia 450 001 996394092303316 005 20200824132036.0 035 $a(CKB)4940000000118146 035 $a(EEBO)2264174012 035 $a(OCoLC)ocm18530387e 035 $a(OCoLC)18530387 035 $a(EXLCZ)994940000000118146 100 $a19880926d1696 uy | 101 0 $aeng 135 $aurbn||||a|bb| 200 14$aThe whole duty of man$b[electronic resource] $elaid down in a plain and familiar way for the use of all, but especially the meanest reader : divided into XVII chapters, one whereof being read every Lord's Day, the whole may be read over thrice in the year : necessary for all families : with private devotions for several occasions 210 $aLondon $cPrinted by R. Norton for Edward Pawlet ...$d1696 215 $a[18], 503, [9] p., [1] leaf of plates $cill 300 $aContains added engraved t.p. 300 $aPublished anonymously and variously attributed to Lady Dorothy Pakington, Archbishop Sterne, Bishop John Fell, and others, although now generally attributed to Richard Allestree--DNB. 300 $aSpecial t.p. (p. [401]): Private devotions for several occasions, ordinary and extraordinary. London : Printed by R.N. for Edward Pawlet, MDCXCVI. 300 $aIncludes index. 300 $aReproduction of original in the Union Theological Seminary Library, New York. 330 $aeebo-0160 606 $aChristian life 606 $aDevotional exercises 615 0$aChristian life. 615 0$aDevotional exercises. 700 $aAllestree$b Richard$f1619-1681.$0793142 701 $aHammond$b Henry$f1605-1660.$0322258 801 0$bEAI 801 1$bEAI 801 2$bWaOLN 906 $aBOOK 912 $a996394092303316 996 $aThe whole duty of man$92308995 997 $aUNISA LEADER 02426nam 2200517 450 001 9910797619803321 005 20230126213518.0 010 $a3-95425-461-1 035 $a(CKB)3710000000486555 035 $a(EBL)4340726 035 $a(MiAaPQ)EBC4340726 035 $a(Au-PeEL)EBL4340726 035 $a(CaPaEBR)ebr11157170 035 $a(OCoLC)941697698 035 $a(EXLCZ)993710000000486555 100 $a20160310h20152015 uy 0 101 0 $ager 135 $aur|n|---||||| 181 $2rdacontent 182 $2rdamedia 183 $2rdacarrier 200 10$aSoziale Kompetenzen $eErkla?rung, Entwicklung und Messung /$fRobert Hupfer, Katharina Jagschitz 210 1$aHamburg, [Germany] :$cdisserta Verlag,$d2015. 210 4$dİ2015 215 $a1 online resource (205 p.) 300 $aDescription based upon print version of record. 311 $a3-95425-460-3 320 $aIncludes bibliographical references. 327 $aSoziale Kompetenzen Erkla?rung, Entwicklung und Messung; Inhaltsverzeichnis; Abbildungsverzeichnis; Tabellenverzeichnis; Abku?rzungsverzeichnis; 1. Problemstellung; 1.1. Bedeutung von sozialen Kompetenzen; 1.2. Zielsetzungen der Arbeit; 1.3. Aufbau der Arbeit; 2. Soziale Kompetenz; 2.1. Einordnung und Definition des Begriffs; 2.2. Ausgewa?hlte Kategorien sozialer Kompetenz; 2.3. Entwicklung sozialer Kompetenz; 2.4. Messung und Diagnose sozialer Kompetenz; 2.5. Soziale Kompetenz an der Universita?t; 3. Empirische Analyse; 3.1. Zielsetzung der Analyse 327 $a3.2. Untersuchungsdesign und Methode3.3. Umgebung; 3.4. Qualitative Analyse; 3.5. Quantitative Analyse; 4. Zusammenfassung und Diskussion der Ergebnisse; 4.1. Theoretischer Bezug; 4.2. Erhebung; 4.3. Wesentliche Ergebnisse der Erhebungen; 4.4. Grenzen der Erhebungen; 5. Literaturverzeichnis; Anhang 606 $aSocial interaction$xStudy and teaching 606 $aInterpersonal relations 606 $aSocial skills$xStudy and teaching 615 0$aSocial interaction$xStudy and teaching. 615 0$aInterpersonal relations. 615 0$aSocial skills$xStudy and teaching. 676 $a302.14071 700 $aHupfer$b Robert$01499742 702 $aJagschitz$b Katharina 801 0$bMiAaPQ 801 1$bMiAaPQ 801 2$bMiAaPQ 906 $aBOOK 912 $a9910797619803321 996 $aSoziale Kompetenzen$93726058 997 $aUNINA